[Event "2022 Perth Chess Club Championship"]
[Site "Woodvale, Perth WA AUS"]
[Date "2022.04.27"]
[Round "3"]
[White "Lanham, Bruce"]
[Black "Overste, Brian"]
[Result "1-0"]
[WhiteElo "1220"]
[BlackElo "907"]
[PlyCount "89"]
[EventDate "2022.04.13"]
[EventType "swiss"]
[EventRounds "7"]
[EventCountry "AUS"]

1. d4 d5 2. Nf3 Nc6 3. g3 g6 4. Bg2 e6 5. O-O Bd6 6. c4 Nf6 7. Nc3 dxc4 8. Nd2
Nxd4 9. Nxc4 c5 10. Bg5 Be7 11. e3 Nd5 12. Bxe7 Nxe7 13. exd4 cxd4 14. Ne2 Nf5
15. Qd3 O-O 16. Rad1 Rb8 17. Nxd4 Qc7 18. Qc3 b6 19. Rfe1 Ba6 20. Bf1 Rfc8 21.
Ne5 Qb7 22. Qb3 Bxf1 23. Rxf1 a5 24. Qf3 Qc7 25. Rfe1 b5 26. Nxf5 exf5 27. Nd3
Rd8 28. Rc1 Qd6 29. Red1 Qe6 30. b3 a4 31. Nf4 Qe8 32. Rxd8 Rxd8 33. bxa4 bxa4
34. Qe2 Qf8 35. Kg2 Rb8 36. Rc7 a3 37. Qc2 Qd8 38. Qc3 g5 39. Nh5 Qd5+ 40. Kh3
g4+ 41. Kh4 Qd8+ 42. Nf6+ Kg7 43. Rc6 Rb5 44. Kg5 f4+ 45. Kxg4 {Game continued
for a few more moves.} 1-0

[Event "2022 Perth Chess Club Championship"]
[Site "Woodvale, Perth WA AUS"]
[Date "2022.04.27"]
[Round "3"]
[White "Gough, Sebastian"]
[Black "Powell, Darren"]
[Result "0-1"]
[WhiteElo "668"]
[BlackElo "1210"]
[PlyCount "100"]
[EventDate "2022.04.13"]
[EventType "swiss"]
[EventRounds "7"]
[EventCountry "AUS"]

1. d4 Nf6 2. Nf3 g6 3. g3 Bg7 4. Bg2 d5 5. e3 Bg4 6. Nbd2 Nc6 7. O-O e5 8. dxe5
Nxe5 9. b3 O-O 10. Bb2 Ne4 11. Bc1 Nxf3+ 12. Nxf3 Bxf3 13. Bxf3 Bxa1 14. Ba3
Bc3 15. Bxf8 Kxf8 16. Bxe4 dxe4 17. Qxd8+ Rxd8 18. f4 exf3 19. Rxf3 Rd2 20. Rf2
Rd1+ 21. Rf1 Be1 22. e4 Ke7 23. c3 Ke6 24. c4 f6 25. b4 Ke5 26. a4 Kxe4 27.
Rf4+ Ke3 28. Rf1 Ke2 29. Rxf6 Bc3+ 30. Kg2 Bxf6 31. c5 g5 32. b5 g4 33. a5 Bd4
34. h3 Rg1+ 35. Kh2 h5 36. a6 b6 37. cxb6 cxb6 38. h4 Rb1 39. Kg2 Rxb5 40. Kh1
Rb3 41. Kg2 Be5 42. Kh1 Rxg3 43. Kh2 Rh3+ 44. Kg2 Rxh4 45. Kg1 b5 46. Kg2 b4
47. Kg1 b3 48. Kg2 b2 49. Kg1 b1=Q+ 50. Kg2 Qf1# 0-1

[Event "2022 Perth Chess Club Championship"]
[Site "Woodvale, Perth WA AUS"]
[Date "2022.04.27"]
[Round "3"]
[White "Frankland, David"]
[Black "Rennie, Mike"]
[Result "1-0"]
[WhiteElo "1003"]
[BlackElo "818"]
[PlyCount "46"]
[EventDate "2022.04.13"]
[EventType "swiss"]
[EventRounds "7"]
[EventCountry "AUS"]

1. e4 e5 2. Nf3 d6 3. h3 Nf6 4. Bd3 Be7 5. Nc3 Nh5 6. Nxe5 Nf4 7. Nc4 Nxg2+ 8.
Kf1 Nf4 9. Qf3 Bxh3+ 10. Rxh3 Nxh3 11. Qxh3 Qd7 12. Qg2 g6 13. b3 Nc6 14. Bb2
O-O-O 15. Nd5 Ne5 16. Nxe5 dxe5 17. Bxe5 f6 18. Nxf6 Qe6 19. Ng4 Rhf8 20. Bc4
Qd7 21. Bc3 Bc5 22. Nf6 Qe7 23. Qg4+ Kb8 {Scoresheet illegible.} 1-0

[Event "2022 Perth Chess Club Championship"]
[Site "Woodvale, Perth WA AUS"]
[Date "2022.05.04"]
[Round "4"]
[White "Maggs, Derwent"]
[Black "Garang, Kuol Awan"]
[Result "1-0"]
[WhiteElo "2292"]
[BlackElo "1594"]
[PlyCount "59"]
[EventDate "2022.04.13"]
[EventType "swiss"]
[EventRounds "7"]
[EventCountry "AUS"]

1. d4 d5 2. c4 Nc6 3. Nf3 Nf6 4. cxd5 Nxd5 5. e4 Nf6 6. Nc3 e6 7. a3 a6 8. Bc4
Be7 9. O-O O-O 10. Bf4 b5 11. Ba2 Na7 12. Rc1 c6 13. Qe2 Re8 14. Rfd1 Qb6 15.
e5 Nd5 16. Bg5 Bf8 17. Ne4 a5 18. Ne1 Ba6 19. Bxd5 cxd5 20. Nf6+ Kh8 21. Nxe8
Rxe8 22. Qh5 g6 23. Bf6+ Kg8 24. Qh4 Nc6 25. Rc3 Ne7 26. Rh3 h5 27. g4 Qa7 28.
Qg5 Nf5 29. gxf5 exf5 30. Rxh5 1-0

[Event "2022 Perth Chess Club Championship"]
[Site "Woodvale, Perth WA AUS"]
[Date "2022.05.04"]
[Round "4"]
[White "Saxon, Marc"]
[Black "Maris, Rob"]
[Result "1-0"]
[WhiteElo "1980"]
[BlackElo "2093"]
[PlyCount "63"]
[EventDate "2022.04.13"]
[EventType "swiss"]
[EventRounds "7"]
[EventCountry "AUS"]

1. e4 c5 2. Nf3 Nc6 3. d4 cxd4 4. Nxd4 e6 5. c4 Qc7 6. Be2 Nf6 7. Nc3 Nxd4 8.
Qxd4 Bc5 9. Qd3 a6 10. a3 Ba7 11. Bg5 Bb8 12. f4 d6 13. Rd1 Nd7 14. O-O b6 15.
f5 Ne5 16. Qd4 b5 17. c5 f6 18. Bh5+ Ke7 19. Be3 Rd8 20. Qb4 Ba7 21. cxd6+ Rxd6
22. Bxa7 Rxa7 23. Be2 Qb6+ 24. Kh1 Nf7 25. e5 fxe5 26. Ne4 a5 27. Nxd6 Nxd6 28.
Qc3 e4 29. Rxd6 Kxd6 30. Qxc8 Qe3 31. Rd1+ Ke7 32. Qxe6+ 1-0

[Event "2022 Perth Chess Club Championship"]
[Site "Woodvale, Perth WA AUS"]
[Date "2022.05.04"]
[Round "4"]
[White "Barry, David"]
[Black "Janceski, Alex"]
[Result "0-1"]
[WhiteElo "1820"]
[BlackElo "1845"]
[PlyCount "82"]
[EventDate "2022.04.13"]
[EventType "swiss"]
[EventRounds "7"]
[EventCountry "AUS"]

1. e4 c5 2. Nf3 e6 3. d4 cxd4 4. Nxd4 a6 5. Bd3 b5 6. O-O Bb7 7. a4 b4 8. c3
Nc6 9. Be3 Nf6 10. Qe2 Ne5 11. f3 h6 12. Bc2 Be7 13. cxb4 Bxb4 14. Nd2 O-O 15.
Nc4 Nxc4 16. Qxc4 Qe7 17. Nb3 d5 18. exd5 Bxd5 19. Qd3 Rfd8 20. Nd4 Rac8 21.
Bb3 Qb7 22. Qe2 Bc5 23. Bxd5 Nxd5 24. Bf2 Qb4 25. Rfd1 Nf4 26. Qxa6 Rb8 27. Nc6
Rxd1+ 28. Rxd1 Bxf2+ 29. Kxf2 Qxb2+ 30. Kg3 Ne2+ 31. Kh3 Nf4+ 32. Kg3 g5 33.
Qf1 Rf8 34. Qf2 Qb3 35. Ra1 Qc3 36. Ne7+ Kh7 37. Qe1 Qc7 38. Qb1+ f5 39. Nxf5
exf5 40. a5 Nd3+ 41. Kh3 Nf2# 0-1

[Event "2022 Perth Chess Club Championship"]
[Site "Woodvale, Perth WA AUS"]
[Date "2022.05.04"]
[Round "4"]
[White "Gibson, Jacob"]
[Black "Stortz, Robert"]
[Result "1-0"]
[WhiteElo "1620"]
[BlackElo "1904"]
[PlyCount "107"]
[EventDate "2022.04.13"]
[EventType "swiss"]
[EventRounds "7"]
[EventCountry "AUS"]

1. e4 c6 2. d4 d5 3. f3 dxe4 4. fxe4 e5 5. Nf3 Bg4 6. Be3 exd4 7. Qxd4 Qxd4 8.
Bxd4 f6 9. Nbd2 Nd7 10. O-O-O Bd6 11. h3 Bh5 12. g4 Bf7 13. Bc4 Bxc4 14. Nxc4
Bf4+ 15. Kb1 Ne7 16. Nh4 Bc7 17. Nf5 Nxf5 18. exf5 O-O-O 19. Bxa7 b6 20. Nd6+
Bxd6 21. Rxd6 Kc7 22. Rhd1 Rhe8 23. c4 c5 24. b3 Kc8 25. Kb2 Kc7 26. Ka3 g6 27.
Ka4 Re7 28. Kb5 Rde8 29. Bxb6+ Nxb6 30. Rxb6 gxf5 31. gxf5 Re3 32. Rc6+ Kb8 33.
Rd7 R8e7 34. Rxe7 Rxe7 35. Rxf6 Re2 36. Kxc5 Rxa2 37. Rf8+ Kc7 38. Rf7+ Kd8 39.
Rxh7 Ra5+ 40. Kd6 Ra6+ 41. Kd5 Rb6 42. c5 Rxb3 43. c6 Rd3+ 44. Kc5 Rc3+ 45. Kb6
Rb3+ 46. Kc5 Rc3+ 47. Kd6 Rd3+ 48. Ke6 Re3+ 49. Kf6 Rc3 50. Kg7 Rxc6 51. f6 Rc1
52. Kg8 Rf1 53. f7 Ke7 54. f8=Q+ 1-0

[Event "2022 Perth Chess Club Championship"]
[Site "Woodvale, Perth WA AUS"]
[Date "2022.05.04"]
[Round "4"]
[White "Plaganyi, Gyula"]
[Black "Leech, Martin"]
[Result "1-0"]
[WhiteElo "1843"]
[WhiteTitle "CM"]
[BlackElo "1430"]
[PlyCount "71"]
[EventDate "2022.04.13"]
[EventType "swiss"]
[EventRounds "7"]
[EventCountry "AUS"]

1. e4 e6 2. d3 d5 3. Nd2 Nf6 4. Ngf3 Be7 5. g3 O-O 6. Bg2 Nc6 7. O-O Bd7 8. e5
Ng4 9. Qe2 f6 10. exf6 Bxf6 11. Nb3 Qe7 12. d4 e5 13. Nxe5 Qd6 14. Nxg4 Rae8
15. Nxf6+ Qxf6 16. Qb5 Kh8 17. Be3 Bf5 18. c3 Nd8 19. Qe2 c6 20. Qd2 b6 21. Bg5
Qf7 22. Bxd8 Rxd8 23. Rae1 Qg6 24. Re3 Be4 25. f4 Rde8 26. Rfe1 h6 27. Bxe4
dxe4 28. Qg2 Re7 29. Nd2 Rfe8 30. Rxe4 Rxe4 31. Rxe4 Rd8 32. Qe2 c5 33. Re6 Qc2
34. Re8+ Rxe8 35. Qxe8+ Kh7 36. Qe4+ 1-0

[Event "2022 Perth Chess Club Championship"]
[Site "Woodvale, Perth WA AUS"]
[Date "2022.05.04"]
[Round "4"]
[White "Tomic, Nedeljko"]
[Black "Hernandez Mendez, Iker"]
[Result "0-1"]
[WhiteElo "1732"]
[BlackElo "1785"]
[PlyCount "204"]
[EventDate "2022.04.13"]
[EventType "swiss"]
[EventRounds "7"]
[EventCountry "AUS"]

1. Nf3 c5 2. d4 cxd4 3. Nxd4 d5 4. Nc3 e6 5. e4 e5 6. Nf3 d4 7. Bb5+ Nc6 8.
Bxc6+ bxc6 9. Ne2 Bd6 10. O-O Ba6 11. Re1 Nf6 12. Ng3 Qc7 13. a4 Rb8 14. Nf5
O-O 15. b3 Bb4 16. Bd2 Bc5 17. h3 Rfd8 18. Bg5 Bb4 19. Bd2 Bc3 20. Rb1 Kf8 21.
Qc1 Qa5 22. Qa3+ Qb4 23. Qxb4+ Rxb4 24. Bxc3 dxc3 25. Rbd1 Re8 26. Ng3 c5 27.
Re3 c4 28. Rxc3 cxb3 29. Rxb3 Rxa4 30. Re1 Nd7 31. Rc3 Rc8 32. Ree3 Rac4 33.
Ra3 R4c6 34. c3 f6 35. Ne1 R8c7 36. Nc2 Bc4 37. Nb4 Rd6 38. Re1 Nc5 39. Nf5
Rdd7 40. f3 Nd3 41. Nxd3 Rxd3 42. Rea1 a6 43. Kf2 Bb5 44. Rc1 Rd2+ 45. Kg1 Re2
46. Nd6 Ke7 47. Nf5+ Kd8 48. Rd1+ Ke8 49. Rd5 Rb2 50. Ne3 Rb1+ 51. Kf2 Rc1 52.
c4 Bxc4 53. Nxc4 R7xc4 54. Rxa6 R4c2+ 55. Ke3 Rxg2 56. Ra8+ Kf7 57. Ra7+ Kg6
58. Rdd7 Rc3+ 59. Rd3 Rxd3+ 60. Kxd3 Rg3 61. Ke3 Rxh3 62. Kf2 Rh1 63. Kg2 Rb1
64. Kg3 Kh6 65. Rf7 Kh5 66. Kh3 Kg6 67. Rd7 h5 68. Kh4 Kh6 69. Rd8 g5+ 70. Kg3
Rb7 71. Rh8+ Rh7 72. Rf8 Kg6 73. Kh3 Ra7 74. Rg8+ Kf7 75. Rh8 Kg6 76. Rg8+ Kh7
77. Rf8 Kg7 78. Rb8 Ra3 79. Kg2 g4 80. fxg4 hxg4 81. Kf2 Kh6 82. Rg8 Kh5 83.
Rg7 Rf3+ 84. Ke2 f5 85. exf5 Rxf5 86. Rh7+ Kg5 87. Rh1 Kf4 88. Rg1 Rh5 89. Rf1+
Ke4 90. Rf8 Rh2+ 91. Kf1 Ke3 92. Rg8 Kf3 93. Rf8+ Kg3 94. Re8 Rf2+ 95. Ke1 Kg2
96. Rxe5 g3 97. Rg5 Rf3 98. Re5 Kg1 99. Rg5 g2 100. Rh5 Re3+ 101. Kd2 Kf2 102.
Rh2 Re8 0-1

[Event "2022 Perth Chess Club Championship"]
[Site "Woodvale, Perth WA AUS"]
[Date "2022.05.04"]
[Round "4"]
[White "De Vas, Yonal"]
[Black "Clarke, Daniel"]
[Result "1-0"]
[WhiteElo "1477"]
[BlackElo "1739"]
[PlyCount "125"]
[EventDate "2022.04.13"]
[EventType "swiss"]
[EventRounds "7"]
[EventCountry "AUS"]

1. d4 d5 2. c4 e6 3. Nc3 Nf6 4. Nf3 Be7 5. e3 O-O 6. cxd5 exd5 7. Bd3 Bg4 8.
O-O c6 9. Re1 Re8 10. e4 dxe4 11. Nxe4 Nd5 12. Bc4 Bb4 13. Bg5 Qd7 14. Nc5
Rxe1+ 15. Nxe1 Bxc5 16. f3 Nb6 17. dxc5 Nxc4 18. fxg4 h6 19. Qb3 Na5 20. Qa4
hxg5 21. Qxa5 Na6 22. Nf3 Rd8 23. h3 Qd5 24. Rc1 Rd7 25. Qe1 Kf8 26. Rc2 Nxc5
27. Re2 Ne6 28. Rd2 Qc5+ 29. Kh1 Rd5 30. Rxd5 cxd5 31. Ne5 Qc7 32. Ng6+ Kg8 33.
Qe2 Qd6 34. Ne5 Nf4 35. Qe3 d4 36. Qe4 d3 37. Nc4 Qc6 38. Qxc6 bxc6 39. Nd2 f6
40. Kh2 Kf7 41. g3 Ne2 42. Kg2 c5 43. b3 Nc1 44. a3 Ke6 45. Kf2 Kd5 46. Ke3 a5
47. Kf2 Kd4 48. Ke1 g6 49. h4 gxh4 50. gxh4 f5 51. h5 gxh5 52. gxh5 Ke5 53.
Nc4+ Kf6 54. Nxa5 Kg5 55. Kd2 f4 56. Kxc1 f3 57. Nc4 f2 58. Ne3 Kf4 59. Nf1 Kf3
60. h6 Ke2 61. Nd2 f1=Q+ 62. Nxf1 Kxf1 63. Kd2 1-0

[Event "2022 Perth Chess Club Championship"]
[Site "Woodvale, Perth WA AUS"]
[Date "2022.05.04"]
[Round "4"]
[White "Boswarva, Ernest"]
[Black "List, Ross"]
[Result "1-0"]
[WhiteElo "1423"]
[BlackElo "1826"]
[PlyCount "77"]
[EventDate "2022.04.13"]
[EventType "swiss"]
[EventRounds "7"]
[EventCountry "AUS"]

1. d4 d5 2. e3 Bf5 3. c4 c6 4. Qb3 Qd7 5. cxd5 cxd5 6. Nc3 e6 7. Bb5 Nc6 8. Nf3
Bd6 9. Bd2 Nf6 10. Rc1 O-O 11. Na4 a6 12. Bxc6 bxc6 13. Nb6 Qc7 14. Nxa8 Rxa8
15. Qa4 Qa7 16. Qxc6 Bf8 17. O-O Bd3 18. Rfd1 Bb5 19. Qc7 g6 20. Ba5 Qxc7 21.
Bxc7 Ne8 22. Bb6 Bd6 23. Rc2 Kf8 24. Bc5 f6 25. Bxd6+ Nxd6 26. Rdc1 Kg7 27. b3
g5 28. a4 Be8 29. Rc7+ Kg6 30. g4 Rb8 31. h4 gxh4 32. Nxh4+ Kg5 33. Rxh7 Kxg4
34. Kh2 Bh5 35. Ng2 Kg5 36. Nf4 Bf7 37. Rc6 Bg6 38. Rg7 Rh8+ 39. Kg1 1-0

[Event "2022 Perth Chess Club Championship"]
[Site "Woodvale, Perth WA AUS"]
[Date "2022.05.04"]
[Round "4"]
[White "De Vas, Senudi"]
[Black "Gough, Dylan"]
[Result "0-1"]
[WhiteElo "993"]
[BlackElo "1670"]
[PlyCount "66"]
[EventDate "2022.04.13"]
[EventType "swiss"]
[EventRounds "7"]
[EventCountry "AUS"]

1. d4 Nf6 2. c4 e6 3. e3 d5 4. Nf3 c5 5. cxd5 Qxd5 6. Nc3 Qd8 7. Bb5+ Bd7 8.
Bxd7+ Nbxd7 9. O-O Be7 10. Qb3 Qb6 11. Qxb6 Nxb6 12. Nb5 O-O 13. b3 a6 14. Nc3
cxd4 15. exd4 Rac8 16. Na4 Nbd5 17. Bg5 b5 18. Nb2 h6 19. Bh4 Rc3 20. Nd1 Rc7
21. Bg3 Rcc8 22. Nb2 Ne4 23. Bh4 g5 24. Bg3 Nxg3 25. hxg3 Rfd8 26. Ne5 Nc3 27.
Ng4 Rxd4 28. f3 Rd2 29. Nd1 Ne2+ 30. Kh2 Bd6 31. Nxh6+ Kg7 32. Ng4 Rh8+ 33. Nh6
Rxh6# 0-1

[Event "2022 Perth Chess Club Championship"]
[Site "Woodvale, Perth WA AUS"]
[Date "2022.05.04"]
[Round "4"]
[White "Shaw, Robin"]
[Black "Hounsome, David"]
[Result "1/2-1/2"]
[WhiteElo "1744"]
[BlackElo "1378"]
[PlyCount "109"]
[EventDate "2022.04.13"]
[EventType "swiss"]
[EventRounds "7"]
[EventCountry "AUS"]

1. c4 e5 2. Nc3 Nc6 3. g3 f5 4. Bg2 Nf6 5. d3 Bb4 6. a3 Bxc3+ 7. bxc3 O-O 8. e3
d6 9. Rb1 Rb8 10. Bxc6 Bd7 11. Bg2 Qe7 12. Ne2 e4 13. d4 c6 14. a4 d5 15. cxd5
cxd5 16. Ra1 Rfc8 17. Ba3 Qe6 18. O-O Rc4 19. Bb4 a6 20. a5 b5 21. Nf4 Qf7 22.
h4 Be8 23. Re1 Nh5 24. Nxh5 Qxh5 25. Qxh5 Bxh5 26. Rec1 Rc6 27. Bh3 Bg4 28.
Bxg4 fxg4 29. Bc5 h5 30. Rab1 Rbc8 31. Kf1 Kf7 32. Rd1 g5 33. hxg5 Rg8 34. Ke2
Rxg5 35. Rh1 Rh6 36. Rh4 Rf5 37. Rbh1 Rg5 38. Kd2 Ke6 39. Kc2 Rf5 40. R4h2 Kf7
41. Kd2 Rh8 42. Bb6 Kg6 43. Bc7 Rc8 44. Bf4 Rc4 45. Ra1 Rc6 46. Rhh1 Rf8 47.
Rab1 Rc4 48. Rb4 Rc6 49. Rhb1 Rd8 50. c4 dxc4 51. Kc3 Rd5 52. Rh1 Rd7 53. Rb2
Rd5 54. Bb8 Rc8 55. Ba7 {Game continued for several more moves.} 1/2-1/2

[Event "2022 Perth Chess Club Championship"]
[Site "Woodvale, Perth WA AUS"]
[Date "2022.05.04"]
[Round "4"]
[White "Brooke, John"]
[Black "Van Burgel, Bradley"]
[Result "0-1"]
[WhiteElo "1291"]
[BlackElo "1723"]
[PlyCount "82"]
[EventDate "2022.04.13"]
[EventType "swiss"]
[EventRounds "7"]
[EventCountry "AUS"]

1. c4 e5 2. Nc3 f5 3. e4 Nf6 4. d3 d6 5. Bg5 Be7 6. Bh4 Nc6 7. exf5 Bxf5 8. f3
d5 9. cxd5 Nxd5 10. Bxe7 Nxc3 11. Bxd8 Nxd1 12. Rxd1 Rxd8 13. a3 Nd4 14. Rc1
Rd7 15. Ne2 Bxd3 16. Nxd4 Bxf1 17. Rxf1 exd4 18. Kf2 O-O 19. Rfd1 b6 20. b4 Rc8
21. Rd3 c5 22. Rc4 Kf7 23. a4 Ke6 24. bxc5 bxc5 25. Rd1 Kd5 26. Rdxd4+ cxd4 27.
Rxc8 Re7 28. Rc1 d3 29. Rd1 Kc4 30. Rc1+ Kb3 31. Re1 Rxe1 32. Kxe1 Kxa4 33. Kd2
Kb3 34. Kxd3 a5 35. g4 a4 36. h4 a3 37. h5 a2 38. Ke4 a1=Q 39. f4 Qe1+ 40. Kf5
Kc4 41. g5 Qe7 0-1

[Event "2022 Perth Chess Club Championship"]
[Site "Woodvale, Perth WA AUS"]
[Date "2022.05.04"]
[Round "4"]
[White "Howard, Mark"]
[Black "Michael, Ashley"]
[Result "0-1"]
[WhiteElo "1473"]
[BlackElo "1334"]
[PlyCount "42"]
[EventDate "2022.04.13"]
[EventType "swiss"]
[EventRounds "7"]
[EventCountry "AUS"]

1. e4 d5 2. exd5 Nf6 3. c4 e6 4. dxe6 Bxe6 5. Nf3 Nc6 6. d4 Bb4+ 7. Nc3 Ne4 8.
a3 Nxc3 9. bxc3 Bxc3+ 10. Bd2 Bxa1 11. Qxa1 Qe7 12. Be3 Bg4 13. d5 Bxf3 14.
dxc6 Bxc6 15. Qxg7 O-O-O 16. Qc3 Rhg8 17. Rg1 f5 18. f4 Qh4+ 19. Bf2 Rge8+ 20.
Be2 Qxf4 21. Qc2 Ba4 0-1

[Event "2022 Perth Chess Club Championship"]
[Site "Woodvale, Perth WA AUS"]
[Date "2022.05.04"]
[Round "4"]
[White "Powell, Darren"]
[Black "Davis, Geoff"]
[Result "0-1"]
[WhiteElo "1210"]
[BlackElo "1453"]
[PlyCount "90"]
[EventDate "2022.04.13"]
[EventType "swiss"]
[EventRounds "7"]
[EventCountry "AUS"]

1. e4 c5 2. g3 Nc6 3. Nc3 e6 4. Bg2 d6 5. Nge2 Bd7 6. O-O Be7 7. d4 cxd4 8.
Nxd4 a6 9. Nb3 Rc8 10. a3 Nf6 11. Re1 O-O 12. Nd4 h6 13. Nf3 Qc7 14. h3 b5 15.
b4 Rfd8 16. Bb2 e5 17. Nd5 Nxd5 18. exd5 Nb8 19. Rc1 Bf5 20. c3 Nd7 21. Nd2 Nf6
22. Nb3 h5 23. Na5 Re8 24. Nc6 Bf8 25. c4 bxc4 26. Rxc4 Qd7 27. Qa4 Bxh3 28.
Rd1 Bxg2 29. Kxg2 Ra8 30. Qb3 Qf5 31. f3 Nh7 32. Bc1 Nf6 33. Rh4 g5 34. Rhh1 e4
35. Rhf1 exf3+ 36. Rxf3 Re2+ 37. Kf1 Qe4 38. Nd4 Rh2 39. Kg1 Ng4 40. Qc3 Re8
41. Bb2 Bg7 42. Qc1 Bxd4+ 43. Bxd4 f6 44. Qc3 Qe2 45. Bf2 Qxd1+ 0-1

[Event "2022 Perth Chess Club Championship"]
[Site "Woodvale, Perth WA AUS"]
[Date "2022.05.04"]
[Round "4"]
[White "Walker, Colin"]
[Black "Lanham, Bruce"]
[Result "1-0"]
[WhiteElo "1425"]
[BlackElo "1220"]
[PlyCount "72"]
[EventDate "2022.04.13"]
[EventType "swiss"]
[EventRounds "7"]
[EventCountry "AUS"]

1. d4 d5 2. Bf4 Nf6 3. h3 e6 4. Nd2 c5 5. Ngf3 Nc6 6. e3 Qb6 7. Rb1 cxd4 8.
exd4 Nxd4 9. Nxd4 Qxd4 10. Be3 Qb4 11. c3 Qd6 12. Nf3 Be7 13. Bd4 O-O 14. Bd3
b6 15. O-O h6 16. Re1 a5 17. Qc2 Ba6 18. Bxa6 Rxa6 19. a4 Rc8 20. Qd3 Raa8 21.
Qb5 Rab8 22. Be5 Qc5 23. Qxc5 bxc5 24. Bxb8 Rxb8 25. Ne5 Rb6 26. f3 Bd6 27. Kf2
Bxe5 28. Rxe5 Nd7 29. Ree1 c4 30. Ke3 Rb3 31. Kd4 Kf8 32. f4 f5 33. Rxe6 Kf7
34. Rc6 Rb6 35. Rxb6 Nxb6 36. Ke5 Nxa4 1-0

[Event "2022 Perth Chess Club Championship"]
[Site "Woodvale, Perth WA AUS"]
[Date "2022.05.04"]
[Round "4"]
[White "Markou, Victor"]
[Black "Kwenda, Ridge"]
[Result "1-0"]
[WhiteElo "1108"]
[BlackElo "913"]
[PlyCount "116"]
[EventDate "2022.04.13"]
[EventType "swiss"]
[EventRounds "7"]
[EventCountry "AUS"]

1. e4 e5 2. Nf3 d6 3. g3 Nf6 4. d3 Bg4 5. Bg2 Nc6 6. Nbd2 Nd4 7. c3 Nxf3+ 8.
Nxf3 Be7 9. O-O O-O 10. Qb3 b6 11. Be3 Qd7 12. Rfe1 Bh3 13. Bh1 Qg4 14. Qd1 Qd7
15. Ng5 Ng4 16. Bd2 Bxg5 17. Bxg5 h6 18. Bd2 Qe6 19. f4 Rac8 20. f5 Qd7 21. Bf3
Nf6 22. Qc1 Qb5 23. Be2 Qc5+ 24. Be3 Qc6 25. Bxh6 gxh6 26. Qxh6 Qc5+ 27. d4
exd4 28. Qg5+ Kh7 29. Qh4+ Kg7 30. Qxh3 Rh8 31. Qg2 d3+ 32. Kh1 dxe2 33. Qxe2
Rce8 34. Rac1 d5 35. e5 d4 36. exf6+ Kxf6 37. Qd2 Qd5+ 38. Qg2 Rxe1+ 39. Rxe1
Qxg2+ 40. Kxg2 d3 41. Rd1 Rd8 42. g4 Ke5 43. Kf3 c5 44. Ke3 c4 45. h4 Rh8 46.
h5 a5 47. a4 Kf6 48. Kf4 Kg7 49. Kg5 f6+ 50. Kf4 Rb8 51. g5 b5 52. h6+ Kh7 53.
axb5 Rxb5 54. Rd2 a4 55. gxf6 Rb6 56. Kg5 Rb7 57. Rd1 Rf7 58. Rd2 Rb7 1-0

[Event "2022 Perth Chess Club Championship"]
[Site "Woodvale, Perth WA AUS"]
[Date "2022.05.04"]
[Round "4"]
[White "Overste, Brian"]
[Black "Gough, Sebastian"]
[Result "0-1"]
[WhiteElo "907"]
[BlackElo "668"]
[PlyCount "88"]
[EventDate "2022.04.13"]
[EventType "swiss"]
[EventRounds "7"]
[EventCountry "AUS"]

1. e4 c5 2. c4 Nc6 3. Nf3 d6 4. Nc3 Nf6 5. h3 g6 6. a3 Bg7 7. Be2 e5 8. d3 Be6
9. Be3 Qd7 10. Ng5 O-O 11. Bg4 Nxg4 12. hxg4 Bxg4 13. f3 Be6 14. Nxh7 Rfe8 15.
Bh6 Kxh7 16. Qd2 Nd4 17. Be3+ Kg8 18. O-O-O Nb3+ 19. Kc2 Nxd2 20. Kxd2 Kf8 21.
Bg5 b5 22. Rh7 b4 23. Nb5 Kg8 24. Rdh1 f6 25. Bxf6 Bxf6 26. Rxd7 Bxd7 27. Nxd6
Bg5+ 28. Ke2 Re6 29. Nb7 bxa3 30. bxa3 Bc6 31. Nxc5 Kf7 32. Rh7+ Kf6 33. Nxe6
Kxe6 34. Rg7 Kf6 35. Rc7 Be8 36. Rc5 Rb8 37. Kf2 Bf4 38. g3 Rb2+ 39. Kg1 Be3+
40. Kh1 Bxc5 41. a4 Rb1+ 42. Kh2 Bxa4 43. Kh3 Rh1+ 44. Kg4 Bd7# 0-1

[Event "2022 Perth Chess Club Championship"]
[Site "Woodvale, Perth WA AUS"]
[Date "2022.05.11"]
[Round "5"]
[White "Hernandez Mendez, Iker"]
[Black "Saxon, Marc"]
[Result "0-1"]
[WhiteElo "1785"]
[BlackElo "1980"]
[PlyCount "48"]
[EventDate "2022.04.13"]
[EventType "swiss"]
[EventRounds "7"]
[EventCountry "AUS"]

1. e4 g6 2. d4 Bg7 3. Nc3 d6 4. g3 Nc6 5. Be3 e5 6. d5 Nce7 7. Bg2 f5 8. f3 Nf6
9. h3 O-O 10. Qd2 b5 11. Nxb5 Nh5 12. Ne2 f4 13. Bf2 fxg3 14. Nxg3 Nf4 15. Bf1
Bh6 16. Be3 c6 17. Nc3 cxd5 18. Nxd5 Nexd5 19. exd5 Qh4 20. Kf2 e4 21. Bg2 Nxg2
22. Bxh6 Rxf3+ 23. Ke2 Qxg3 24. Rag1 Rf2+ 0-1

[Event "2022 Perth Chess Club Championship"]
[Site "Woodvale, Perth WA AUS"]
[Date "2022.05.11"]
[Round "5"]
[White "Janceski, Alex"]
[Black "Plaganyi, Gyula"]
[Result "1-0"]
[WhiteElo "1845"]
[BlackElo "1843"]
[BlackTitle "CM"]
[PlyCount "112"]
[EventDate "2022.04.13"]
[EventType "swiss"]
[EventRounds "7"]
[EventCountry "AUS"]

1. d4 Nf6 2. c4 e6 3. a3 b6 4. Nf3 Bb7 5. e3 g6 6. Be2 Bg7 7. O-O O-O 8. Nc3 d6
9. Qc2 Nbd7 10. Rd1 Qe7 11. h3 c5 12. b4 Rac8 13. Bb2 cxd4 14. Nxd4 Ne5 15. Qb3
Rfd8 16. Rac1 Ne4 17. Nxe4 Bxe4 18. f4 Nc6 19. Bf3 Nxd4 20. exd4 Qb7 21. Rf1
Bxf3 22. Rxf3 Qe4 23. Rd1 Bh6 24. g3 Bg7 25. Kf2 Qc6 26. Rc1 b5 27. c5 d5 28.
Ra1 a6 29. a4 Ra8 30. Re3 Kf8 31. Rd3 Ke7 32. a5 Kd7 33. Re1 Qc7 34. Kf3 Kc6
35. Rde3 Rh8 36. Qd3 h5 37. Bc1 Rad8 38. R3e2 Qd7 39. Kg2 Bf6 40. Rf1 Qe7 41.
f5 gxf5 42. Rxf5 Bg7 43. Qf3 Rdf8 44. Rxh5 Rhg8 45. Bf4 Bxd4 46. Bd6 Qf6 47.
Bxf8 Qxf3+ 48. Kxf3 Rxf8 49. Rh4 Bc3 50. Ke3 d4+ 51. Rxd4 Bxd4+ 52. Kxd4 Rd8+
53. Ke4 e5 54. Rf2 Rd4+ 55. Kxe5 Rxb4 56. Rxf7 Kxc5 1-0

[Event "2022 Perth Chess Club Championship"]
[Site "Woodvale, Perth WA AUS"]
[Date "2022.05.11"]
[Round "5"]
[White "Garang, Kuol Awan"]
[Black "Gibson, Jacob"]
[Result "0-1"]
[WhiteElo "1594"]
[BlackElo "1620"]
[PlyCount "104"]
[EventDate "2022.04.13"]
[EventType "swiss"]
[EventRounds "7"]
[EventCountry "AUS"]

1. e4 c5 2. f4 e6 3. Nf3 d5 4. e5 Nc6 5. c3 d4 6. Bb5 Bd7 7. a4 Nge7 8. d3 a6
9. Bc4 h5 10. Bd2 Nf5 11. Qe2 Be7 12. Na3 Bh4+ 13. Nxh4 Qxh4+ 14. Qf2 Qe7 15.
Nc2 Rb8 16. b4 dxc3 17. Bxc3 Nxb4 18. Bxb4 cxb4 19. Qa7 O-O 20. Rb1 Qh4+ 21.
Qf2 Bxa4 22. g3 Qd8 23. Nxb4 b5 24. Nc6 Qc7 25. Nxb8 Rxb8 26. Qa2 Nd4 27. O-O
Bc2 28. Bxe6 Bxb1 29. Bxf7+ Qxf7 30. Qxf7+ Kxf7 31. Rxb1 a5 32. Kf2 Ke6 33. Ke3
Kd5 34. Rc1 b4 35. Rc7 b3 36. Rd7+ Ke6 37. Rd6+ Ke7 38. Rxd4 b2 39. Rc4 b1=Q
40. Rc7+ Kf8 41. Rd7 Qb6+ 42. Ke2 Rd8 43. Rxd8+ Qxd8 44. Ke3 Qd5 45. d4 a4 46.
f5 Ke7 47. h3 a3 48. g4 hxg4 49. hxg4 a2 50. g5 a1=Q 51. f6+ gxf6 52. gxf6+ Ke6
0-1

[Event "2022 Perth Chess Club Championship"]
[Site "Woodvale, Perth WA AUS"]
[Date "2022.05.11"]
[Round "5"]
[White "Maris, Rob"]
[Black "Bhatia, Abhay"]
[Result "0-1"]
[WhiteElo "2093"]
[BlackElo "1612"]
[PlyCount "61"]
[EventDate "2022.04.13"]
[EventType "swiss"]
[EventRounds "7"]
[EventCountry "AUS"]

1. c4 c5 2. Nf3 Nc6 3. e3 Nf6 4. d4 cxd4 5. Nxd4 e5 6. Nb5 d6 7. Be2 Be7 8. O-O
O-O 9. N5c3 Bf5 10. g4 Bg6 11. f4 exf4 12. exf4 Qb6+ 13. Kg2 h6 14. f5 Bh7 15.
Na3 Rad8 16. Nc2 g5 17. fxg6 Bxg6 18. b3 Kh7 19. Qd2 Ng8 20. Nd5 Be4+ 21. Bf3
Bxd5 22. cxd5 Ne5 23. Nd4 Bg5 24. Qc2+ Ng6 25. Bb2 Rc8 26. Qd3 N8e7 27. Rae1
Kg8 28. Nf5 Nf4+ 29. Kg3 Nxd3 30. Bd4 Nxf5+ 31. gxf5 0-1